| 000 | 00656nam a2200229Ia 4500 | ||
|---|---|---|---|
| 001 | 1953 | ||
| 003 | GE_BSU | ||
| 008 | 181216s||||||||xx |||||||||||||| ||und|| | ||
| 020 | _a5377002385 (9785377002383) | ||
| 040 | _cGE_BSU | ||
| 080 | _a340.1(035) | ||
| 100 | _aИванов,А.А. | ||
| 245 | _aСправочник по теории государства и права | ||
| 245 | _bСерия "Справочник | ||
| 260 | _aМосква | ||
| 260 | _bЭкзамен | ||
| 260 | _c2007 | ||
| 300 | _a510 стр. | ||
| 541 | _h18л. | ||
| 653 | _aСправочник по теории государства и права | ||
| 942 | _cBK | ||
| 999 |
_c36053 _d36053 |
||